000 00379nam a22001457a 4500
003 OSt
020 _aNA
040 _c0
082 _222
_a628.403
100 _aMartin, E Wai nright ; Brown, carol Vield .
245 _aManage information Technology /
260 _bNew Delhi Peorson education New delhi BPB ,
_cc 1996
300 _axvii, 703 p, ;
_bNA
_c24 cm.
942 _2ddc
_cMAG
999 _c4579
_d4579